000 00621nam a22002057a 4500
003 OSt
005 20260609122305.0
008 260609b |||||||| |||| 00| 0 eng d
020 _a00-325-00562-1
040 _cChuka University Library
050 _aLB 1573.3
_b.P5 2003
100 _aPinnel su gay
_927907
245 _aPhonics lessons, letters ,words and how they work
260 _aUnited state of America
_bFirsthand
_c2003
300 _a486
_bIllustrations
650 _2English language-phonetics
650 _aReading-phonetic method
_913914
700 _aIrene c. fountas(author)
_927908
942 _2lcc
_cBK
_n0
999 _c23637
_d23637